000 00772nam a22002658i 4500
001 020543830
003 EG-ScBUE
005 20260211094033.0
008 220131s2022 enk f 000 f eng d
020 _a9781405942256
040 _aStDuBDS
_beng
_erda
_cStDuBDS
_dEG-ScBUE
082 0 4 _a823.92
_222
_bMOR
100 1 _aMoriarty, Liane,
_eauthor.
245 1 0 _aApples never fall /
_cLiane Moriarty.
264 1 _aLondon :
_bPenguin Books,
_c2022.
300 _avii, 502 pages ;
_c20 cm
336 _atext
_2rdacontent
_btxt
337 _aunmediated
_2rdamedia
_bn
338 _avolume
_2rdacarrier
_bnc
650 7 _2BUEsh
_aEnglish fiction
_y20 century
653 _cFebruary2026
_bHHUUEENN
655 _vReading book
942 _2ddc
_cBB
999 _c31113
_d31084